Eficiencia y ocupación en la Argentina (Registro nro. 24725)

Detalles MARC
000 -LEADER
fixed length control field 00388 a2200133 4500
001 - CONTROL NUMBER
control field ART_10201
005 - DATE AND TIME OF LATEST TRANSACTION
control field 20260410161848.0
008 - FIXED-LENGTH DATA ELEMENTS--GENERAL INFORMATION
fixed length control field 260409a
100 1# - MAIN ENTRY--PERSONAL NAME
Personal name Bajraj, Reynaldo F.
245 10 - TITLE STATEMENT
Title Eficiencia y ocupación en la Argentina
700 1# - ADDED ENTRY--PERSONAL NAME
Personal name Baccino, Osvaldo
700 1# - ADDED ENTRY--PERSONAL NAME
Personal name Di Tella, Guido
773 0# - HOST ITEM ENTRY
Title Económica
Related parts - Año XVI, Nº 2 (may./ago. 1970)
Record control number REV7541

No hay ítems disponibles.